| 000 | 00374 a2200169 4500 | ||
|---|---|---|---|
| 001 | 175327 | ||
| 020 | _a85-329-0350-9 | ||
| 040 | _cMagnum | ||
| 100 | _aLasmar, Idárci Esteves | ||
| 240 | 1 | 0 |
_aEspaço em construção 1 _lpor |
| 245 | 1 | 0 | _aEspaço em construção 1 |
| 300 | _a135 | ||
| 362 | 0 | _a1996 | |
| 440 | 1 | _aLê | |
| 697 | _aGEOGRAFIA DO BRASIL | ||
| 942 | _cBK | ||
| 999 |
_c175327 _d175327 |
||